Normal view
MARC view
- PRODUCTION TECHNOLOGY. MANUFACTURING PROCESSES
Entry Topical Term
001 - CONTROL NUMBER
- control field: 63262
003 - CONTROL NUMBER IDENTIFIER
- control field: NUST
005 - DATE AND TIME OF LATEST TRANSACTION
- control field: 20210628203105.0
008 - FIXED-LENGTH DATA ELEMENTS
- fixed length control field: 210628|| aca||aabn | a|a d
040 ## - CATALOGING SOURCE
- Original cataloging agency: NUST
- Transcribing agency: NUST
150 ## - HEADING--TOPICAL TERM
- Topical term or geographic name entry element: PRODUCTION TECHNOLOGY. MANUFACTURING PROCESSES
670 ## - SOURCE DATA FOUND
- Source citation: Work cat.: (NUST): Sharma, P.C 63261, A text book of production technology , manufacturing processes, 2010
